Comprehensive Coordination And Organometallic Chemistry/ (Record no. 166424)

MARC details
000 -LEADER
fixed length control field 00672nam a22001817a 4500
005 - DATE AND TIME OF LATEST TRANSACTION
control field 20190723164244.0
010 ## - LCCN (DPL NO)
LC control number ENG-126055
020 ## - INTERNATIONAL STANDARD BOOK NUMBER
International Standard Book Number 9789386761422
Terms of availability 1995.00(hb)
035 ## - SYSTEM CONTROL NUMBER
System control number EN-109587
037 ## - SOURCE OF ACQUISITION
Source of stock number/acquisition DBAD/PUB
082 ## - DEWEY DECIMAL CLASSIFICATION NUMBER
Classification number 547.05
100 ## - MAIN ENTRY--PERSONAL NAME
Personal name Singh,Devender
245 ## - TITLE STATEMENT
Title Comprehensive Coordination And Organometallic Chemistry/
Statement of responsibility, etc edited by Devender Singh, Raman Kumar Saini,Shri Bhagwan,Kuldeep
260 ## - PUBLICATION, DISTRIBUTION, ETC. (IMPRINT)
Place of publication, distribution, etc 4821, Parwana Bhawan,1st Floor,24 Ansari Road, Darya Ganj, New Delhi
Name of publisher, distributor, etc Ane Books Pvt.Ltd.
Date of publication, distribution, etc 2018
300 ## - PHYSICAL DESCRIPTION
Extent 413p.
Dimensions 24cm(hb)
700 ## - ADDED ENTRY--PERSONAL NAME
Personal name Devender Singh,Raman Kumar Saini Shri Bhagwan, Kuldeep
942 ## - ADDED ENTRY ELEMENTS (KOHA)
Source of classification or shelving scheme Dewey Decimal Classification
Item type English Books
Classification part 547.05
Call number suffix SIN
Holdings
Withdrawn status Lost status Not for loan Collection code Home library Current library Date acquired Source of acquisition Cost, normal purchase price Full call number Barcode Copy number Cost, replacement price Koha item type
      Non-fiction Bawana Bawana 23/07/2019 DBAD/PUB 1995.00 547.05 SIN EN-109587 1 1995.00 English Books

© Delhi Public Library
Hit Counter
free hit counter